00655nam a2200169 a 450000100100000000500170001000800410002704000250006810000270009324501080012026000600022830000210028870000450030904900090035495201050036399900170046800003317520200930070057.0110818s1922 dr 000 0 spa d aDO-SdBNPbspacBNPHU1 aColsón, Jayme93652013aLa gran rapsodia :bensayos de crítica social /cJayme Colsón ; prólogo Federico Climent Terrer,. aPuerto Plata, República Dominicana :b[s.n. ],c1922. a299 p. ;c19 cm.1 aTerrer, Federico Climentepról.958816 aBNPD 001050718RVaPDbPDcCTd2011-08-18iLF1l0o p33175-10r2020-06-25w2020-06-25y1ZNo se presta c32666d32666